| 000 | 00647nam a22001937a 4500 | ||
|---|---|---|---|
| 005 | 20150911110453.0 | ||
| 010 | _aENG-113918 | ||
| 020 |
_c250.00 _a9789350450598 |
||
| 035 | _aEN-97450 | ||
| 037 |
_bDBAD/PUB _adpl |
||
| 082 | _aS | ||
| 100 | _a | ||
| 245 |
_aDifferent women, different worlds : _ctranslated by Seemita Mohanty _bten short stories by Odia women writers / |
||
| 260 |
_aCalcutta _bWriters Workshop _c2014 |
||
| 270 |
_a162/92, Lake Gardens, _bCalcutta _e700045 |
||
| 300 |
_a122p. _c22cm(Hb) |
||
| 700 | _aMohanty, Seemita | ||
| 942 |
_2ddc _cEN _mDIF _hS |
||
| 999 |
_c96520 _d96520 |
||